:غاية الطالبين فى بلاغة رياض الصالحين (Record no. 12414)
[ view plain ]
| 000 -الفاتح | |
|---|---|
| حقل البيانات ثابتة الطول | 00831nam a22001577a 4500 |
| 008 - عناصر البيانات ثابتة الطول - معلومات عامة | |
| حقل البيانات ثابتة الطول | 090727s2004 ua|||||r|||| 000 0 ara d |
| 082 ## - رقم تصنيف ديوى العشرى | |
| رقم التصنيف | 231.9 |
| رقم المادة | ج ى ا |
| 100 ## - المدخل الرئيسى - إسم شخصى | |
| 9 (RLIN) | 29301 |
| الإسم الشخصى | الجيار ، القطب عبد السلام طه |
| 245 ## - بيان العنوان | |
| العنوان | :غاية الطالبين فى بلاغة رياض الصالحين |
| بقية العنوان | /باب الاخلاص واحضار النية |
| بيان المسئوليه,etc | تأليف القطب عبد الاسلام طه الجيار |
| 250 ## - بيان الطبعة | |
| بيان الطبعة | ط.1. |
| 260 ## - PUBLICATION, DISTRIBUTION, ETC. (IMPRINT) | |
| مكان الناشر او الموزع | طنطا، الغربية : |
| اسم الناشر او الموزع | التركي، |
| تاريخ النشر أو التوزيع | 2004 |
| 300 ## - الوصف المادى | |
| التعداد | 338 ؛ ص |
| أبعاد الوعاء | 22 سم |
| 650 ## - المدخل الاضافى بالموضوع-مصطلح موضوعى | |
| 9 (RLIN) | 8119 |
| مصطلح موضوعي أو اسم جغرافي كعنصر مدخل | الحديث، بلاغة |
| 942 ## - عناصر المدخل الإضافي( كوها) | |
| مصدر التصنيف او مخطط الترفيف | Dewey Decimal Classification |
| Koha [default] item type | Book - Borrowing |
| حالة التراجع | حالة الفقد | مصدر التصنيف او خطة الترفيف | حالة تلف | ليس للاعارة | مجموعات كوها | المكان الدائم | المكان الحالي | موقع الترفيف | تاريخ الاكتساب | Source of acquisition | سعر الشراء الطبيعي | رقم الاستدعاء | الباركود | Date last seen | نوع الوعاء |
|---|---|---|---|---|---|---|---|---|---|---|---|---|---|---|---|
| Dewey Decimal Classification | Alef-Baa | Central Library | Central Library | Lower Floor | 27/07/2009 | 17719.00 | 231.9 غاي | 000017719 | 15/07/2025 | Book - Borrowing |